000 00638nam a2200253Ia 4500
003 OSt
005 20220912150716.0
006 a|||||r|||| 00| 0
007 ta
008 220909b |||||||| |||| 00| 0 eng d
024 _a46830
037 _cTextual
040 _aCSL
_beng
_cCSL
041 _aeng
082 _aE5:218, K8;M5;2
100 _aMarch J
245 0 _aAdvanced organic chemistry
250 _a3
260 _aNew Delhi
_b Wiley Eastern
_c1985
300 _axiii, 1346p.
_ccm.
650 _aOrganic chemistry
942 _hE5:218, K8;M5;2
_cTEXL
_2CC
999 _c53054
_d53054